[Event "Moscow Region-ch op"]
[Site "Serpukhov"]
[Date "2004.09.01"]
[Round "9"]
[White "Mikhedov, Konstantin"]
[Black "Kazakov, Peter"]
[Result "1-0"]
[WhiteElo "2224"]
[BlackElo "2419"]
[PlyCount "75"]
[EventDate "2004.08.26"]
[EventType "swiss"]
[EventRounds "12"]
[EventCountry "RUS"]
[SourceTitle "EXT 2006"]
[Source "ChessBase"]
[SourceDate "2005.11.24"]
[SourceVersion "1"]
[SourceVersionDate "2005.11.24"]
[SourceQuality "1"]

1. e4 c5 2. Nf3 d6 3. d4 cxd4 4. Nxd4 Nf6 5. Nc3 a6 6. Bg5 e6 7. f4 Nbd7 8. Qf3 Be7 9. 0-0-0 Qc7 10. Bxf6 Nxf6 11. g4 b5 12. a3 Bb7 13. g5 Nd7 14. h4 Nc5 15. Bg2 Qb6 16. f5 e5 17. Nde2 b4 18. axb4 Qxb4 19. Nd5 Bxd5 20. Rxd5 Rc8 21. Rh3 Rb8 22. Qc3 Kd7 23. Re3 Na4 24. Qxb4 Rxb4 25. Ra5 Nxb2 26. Rxa6 Rhb8 27. Nc3 Nc4 28. Rd3 h6 29. Bh3 Ke8 30. f6 Bf8 31. gxh6 gxh6 32. h5 Nb6 33. Ra7 Rd8 34. Rg3 Ra8 35. Rc7 Rd4 36. Rg8 Nc8 37. Bxc8 Kd8 38. Re7 1-0